000 00328nam a2200145Ia 4500
008 150301s2015 xx 000 0 und d
082 _a615.4
_bD01A
100 _aA. KALANK
245 _aDRUGS & COSMETICS ACT 1940
250 _aIST
260 _bA. KALANK PUBLISHER
300 _a400
650 _aPHARMACY
942 _2ddc
_cBK
999 _c7063
_d7063